Missing Word: July Days Quiz Stats

 Plays Quiz Updated Jul 10, 2016

Challenge
Share
Tweet
Embed
Score 0/31 Timer 05:00
0 Plays Today
Hint Answer % Correct
National _____ and Uncle's DayAunt
93.5%
_____-Go-Round DayMerry
92.7%
_____ Day (in the US)Independence
92.4%
Father-_____ Take a Walk Together DayDaughter
92.2%
National Ice _____ Soda DayCream
92.1%
_____-fil-A's Cow Appreciation DayChick
91.3%
National PiƱa _____ DayColada
91%
_____ Earhart DayAmelia
90.7%
National _____ Fries DayFrench
90.5%
National Tapioca _____ DayPudding
89.9%
International Cherry _____ Spitting DayPit
87.5%
Body Painting _____Day
87.3%
Feast day of _____ MagdaleneMary
85.6%
National _____ Turnover DayApple
85.5%
Paperback _____ DayBook
84.5%
_____ on Stilts DayWalk
80.9%
Hint Answer % Correct
Toss Away the ''Could Haves'' and ''_____ Haves'' DayShould
80%
Nelson _____ International DayMandela
79.9%
_____ Out of the Sun DayStay
76.6%
_____ Day (in France)Bastille
71.3%
Jump for Jelly _____ DayBeans
68.4%
National _____ Wing DayChicken
67.3%
Video _____ DayGames
62.4%
Chili _____ DayDog
57.2%
Get to _____ Your Customer DayKnow
57.1%
_____ Enough for Ya? DayHot
56.4%
Wrong _____ Corrigan DayWay
54.2%
National Blueberry _____ DayMuffin
50.8%
Take Your Webmaster to _____ DayLunch
45.8%
Zip _____ DayCode
38.2%
Sandinista Revolution Day (in _____)Nicaragua
37.5%

Today's Daily Dose

You're not logged in!

Compare scores with friends on all Sporcle quizzes.
Join for Free
OR
Log In

You Might Also Like...

Show Comments

Extras

Top Quizzes Today


Score Distribution

Your Account Isn't Verified!

In order to create a playlist on Sporcle, you need to verify the email address you used during registration. Go to your Sporcle Settings to finish the process.

Report this User

Report this user for behavior that violates our Community Guidelines.

Details: